Working papers for use with managerial accounting

This study aid contains forms that help students organize their solutions to homework problems.

Na minha lista:
Detalhes bibliográficos
Autor principal: Garrison, Ray H.
Formato: Livro
Idioma:Undetermined
Publicado em: Boston McGraw-Hill 2006
Assuntos:
Tags: Adicionar Tag
Sem tags, seja o primeiro a adicionar uma tag!
Thư viện lưu trữ: Trung tâm Học liệu Trường Đại học Cần Thơ
LEADER 00772nam a2200217Ia 4500
001 CTU_164803
008 210402s9999 xx 000 0 und d
020 |c 68.13 
082 |a 658.1511 
082 |b G242 
100 |a Garrison, Ray H. 
245 0 |a Working papers for use with managerial accounting 
245 0 |c Ray H. Garrison, Eric W. Noreen, Peter C. Brewer 
260 |a Boston 
260 |b McGraw-Hill 
260 |c 2006 
520 |a This study aid contains forms that help students organize their solutions to homework problems. 
650 |a Managerial accounting,Quản trị kế toán 
650 |x Problems, exercises, etc.,Bài tập, Các vấn đề, v.v 
904 |i Năm 
980 |a Trung tâm Học liệu Trường Đại học Cần Thơ